[Event "BL 2017-18"]
[Site "Germany"]
[Date "2018.02.24"]
[Round "9"]
[White "Zude, Arno"]
[Black "Polischuk, Viktor"]
[Result "1/2-1/2"]
[WhiteElo "2370"]
[BlackElo "2284"]
[Annotator "TA"]
[PlyCount "169"]
[EventDate "2018.05.24"]
[EventType "team-tourn"]
[EventCountry "GER"]
[SourceTitle "playchess.com"]
[Source "ChessBase"]
[SourceQuality "1"]
[WhiteTeam "SV Hofheim"]
[BlackTeam "Norderstedt"]

{[%evp 25,169,40,36,31,25,31,18,10,14,25,39,0,0,0,0,0,7,0,0,0,0,-32,16,7,52,25,17,22,95,0,0,-109,0,-27,-23,-20,-22,-37,-34,-46,-40,-70,0,-206,-193,-337,-317,-393,-362,-347,-343,-312,-106,-216,-210,-193,-204,-216,-216,-231,-195,-462,-451,-425,-389,-362,-356,-361,-361,-381,-324,-315,-315,-308,-45,-45,-44,-610,-573,-1441,-1670,-1890,-1600,-1313,-1287,-1272,-1114,-7212,-7683,-7034,-6861,-6589,0,0,0,0,0,0,0,-5169,0,-3709,0,0,0,0,0,0,0,-1192,0,0,0,0,0,0,0,0,0,0,0,0,0,0,0,0,0,0,0,0,0,0,0,0,0,0,0,0,0,0,0,0,0,0,0,0]} 1. e4 c5 2. Nf3 e6 3. d4 cxd4 4. Nxd4 Nf6 5. Nc3 Nc6 6. Ndb5 Bb4 7. a3 Bxc3+ 8. Nxc3 d5 9. exd5 exd5 10. Bd3 O-O 11. O-O d4 12. Ne2 Bg4 13. f3 Bh5 14. Nf4 {B45: Sicilian Four Knights} Bg6 15. Nxg6 hxg6 16. f4 Ne7 {[%cal Bc6e7,Be7f5,Bf5e3][%mdl 32]} 17. Qf3 Qb6 18. Re1 Rfe8 19. Bd2 Nf5 20. b4 Qc7 $146 ({Predecessor:} 20... Ne3 21. c4 a5 {1-0 (55) Guliyev,N (2559)-Lamorelle,J (2326) Montigny le Bretonneux 2013}) 21. h3 Ne3 22. Bxe3 dxe3 23. c4 {[%cal Bc2c4,Bc4c5][%mdl 32]} (23. Rxe3 $2 Qb6 $19) 23... Qe7 24. c5 {Threatens to win with Bb5.} Qe6 25. Bb5 Re7 26. Rad1 {Threatening Rd3.} a6 (26... a5 $1 $11 {keeps the balance.}) 27. Ba4 (27. Rd3 $16 {[%cal Rd3e3]} Qf5 28. Bc4) 27... a5 $1 $36 {[%cal Ra5b4][%mdl 2048] aiming for ...axb4. White is under pressure.} 28. Rd4 (28. Rd3 $11 Qc4 29. Rexe3 Rxe3 30. Qxe3) 28... Qa2 (28... axb4 $17 29. Rxb4 Qc8) 29. Rxe3 Rxe3 30. Qxe3 {Black must now prevent c6.} axb4 31. Bb3 Qxa3 32. Kh2 Re8 33. Qf3 Re7 (33... Qa1 $15 34. Qd1 (34. Rxb4 Re1 $19) 34... Qc3) 34. Rd3 $2 (34. Rd8+ $11 {and White has nothing to worry.} Kh7 35. Qg3) 34... Qc1 $19 35. f5 (35. Rd1 $142 Qxc5 36. Rd8+ Kh7 37. Qg3) 35... g5 ({Not} 35... Qxc5 36. fxg6 Qe5+ 37. Qg3 $14) 36. Rd1 Qxc5 37. Qg3 Qxf5 38. Rd4 Qe5 $2 (38... b5 $19 {has better winning chances.} 39. Bd1 Re8) 39. Rxb4 (39. Rd8+ $17 {is a better defense.} Kh7 40. Qxe5 Rxe5 41. Bxf7) 39... b5 {And now ...Qc5 would win.} 40. Qxe5 Rxe5 {[%mdl 4096] Endgame KRB-KRN} 41. Rd4 Kf8 42. Rd6 g4 43. h4 $2 (43. hxg4 {was the only defense.} Nxg4+ 44. Kh3) 43... Re3 44. Bc2 Ne4 45. Bxe4 Rxe4 {KR-KR} 46. Rb6 b4 47. h5 Kg8 48. Kg3 Kh7 49. Kh4 {Now g3 and White clings on.} f6 $2 (49... Re2 $1 $19 50. g3 Rb2) 50. g3 $1 $15 Rc4 51. h6 $2 {[%mdl 8192]} (51. Rb5 $15) 51... gxh6 $19 52. Rxf6 Kg7 53. Rxh6 Kf7 54. Kg5 Ke7 55. Kf5 Kd7 56. Rb6 Kc7 57. Rb5 Kc6 58. Rb8 Kc5 $2 (58... Rd4 $19 {...Kd5 is the strong threat.} 59. Ke5 Rd5+ 60. Kf4 Rb5 61. Rc8+ Kd5 62. Rd8+ Kc4 63. Kxg4 b3) 59. Ke5 $1 $11 Rc3 60. Kf4 Rc4+ 61. Ke5 Kc6 62. Ke6 $2 {[%mdl 8192]} (62. Kf5 $11) 62... Kc7 $2 ({Black should play} 62... Re4+ $19 63. Kf5 Rd4) 63. Rb5 $2 {[%mdl 8192] [#]} (63. Kd5 $11) 63... Rc6+ $2 (63... Rd4 $1 $19 64. Ke5 Kc6) 64. Kf5 Rb6 65. Rc5+ $1 Rc6 $2 {[%mdl 8192]} (65... Kd6 $11 66. Rc1 b3 67. Kxg4 b2) 66. Rb5 $19 Rc4 67. Ke6 {[#]} Rc6+ $2 ({Better is} 67... Rd4 $1 $19 68. Ke5 Kc6) 68. Kf5 $11 {The position is equal.} Rb6 69. Rc5+ $1 Kd6 70. Rc1 b3 {[%cal Bb4b3,Bb3b2][%mdl 32]} 71. Kxg4 b2 72. Rb1 $1 Ke5 {Hoping for ...Ke4.} ({Don't take} 72... Rb4+ 73. Kf3 $17) 73. Kg5 Kd4 74. g4 Kc3 75. Kf5 Kc2 {[#]} (75... Rb3 {is more complex.} 76. g5 Kc2 77. Rh1 Rb5+ 78. Kf6 Rb6+) 76. Rxb2+ $1 {[%mdl 512]} Rxb2 {KR-KP} 77. g5 Kd3 78. g6 Kd4 79. g7 Rg2 80. Kf6 Kd5 81. Kf7 Rf2+ 82. Ke7 Rg2 83. Kf7 $1 Ke5 84. g8=Q Rxg8 85. Kxg8 {Precision: White = 49%, Black = 56%.} 1/2-1/2

[Event "BL 2017-18"]
[Site "Germany"]
[Date "2018.02.24"]
[Round "9"]
[White "Zpevak, Pavel"]
[Black "Thiede, Lars"]
[Result "1/2-1/2"]
[WhiteElo "2341"]
[BlackElo "2409"]
[Annotator "ChessBase"]
[PlyCount "120"]
[EventDate "2018.05.24"]
[EventType "team-tourn"]
[EventCountry "GER"]
[SourceTitle "playchess.com"]
[Source "ChessBase"]
[SourceQuality "1"]
[WhiteTeam "Schwaebisch Hall"]
[BlackTeam "SFR Berlin"]
[TimeControl "40/6000+30:3000+30"]

1. d4 {[%emt 0:00:00]} g6 {[%emt 0:00:15]} 2. c4 {[%emt 0:00:16]} Nf6 {[%emt 0:00:09]} 3. Nc3 {[%emt 0:00:35]} Bg7 {[%emt 0:00:38]} 4. Nf3 {[%emt 0:01:03]} O-O {[%emt 0:00:27]} 5. Bg5 {[%emt 0:00:36]} c5 {[%emt 0:03:04]} 6. e3 {[%emt 0:01:13]} cxd4 {[%emt 0:00:53]} 7. Nxd4 {[%emt 0:01:51]} Qa5 {[%emt 0:03:15]} 8. Bxf6 {[%emt 0:00:30]} Bxf6 {[%emt 0:02:53]} 9. Be2 {[%emt 0:02:54]} Nc6 {[%emt 0:02:42]} 10. O-O {[%emt 0:09:11]} Nxd4 {[%emt 0:13:21]} 11. exd4 {[%emt 0:00:10]} Qb6 {[%emt 0:03:56]} 12. Nd5 {[%emt 0:55:07]} Qxb2 {[%emt 0:03:53]} 13. Bf3 {[%emt 0:06:54]} d6 {[%emt 0:19:34]} 14. Nxf6+ {[%emt 0:21:44]} exf6 {[%emt 0:02:35]} 15. c5 {[%emt 0:01:09]} dxc5 {[%emt 0:23:24]} 16. dxc5 {[%emt 0:00:09]} Qe5 {[%emt 0:00:48]} 17. Rc1 {[%emt 0:01:14]} Rb8 {[%emt 0:03:35]} 18. Re1 {[%emt 0:01:30]} Qc7 {[%emt 0:04:54]} 19. Qd4 {[%emt 0:00:43]} Qd8 {[%emt 0:00:59]} 20. Qa4 {[%emt 0:00:42]} a6 {[%emt 0:01:30]} 21. Red1 {[%emt 0:00:44]} Qe7 {[%emt 0:01:31]} 22. Qa5 {[%emt 0:01:16]} Be6 {[%emt 0:06:42]} 23. Rd2 {[%emt 0:00:10]} Rfc8 {[%emt 0:01:17]} 24. Qb6 {[%emt 0:01:13]} Rc7 {[%emt 0:04:53]} 25. g3 {[%emt 0:00:36]} Rbc8 {[%emt 0:02:25]} 26. Rdc2 {[%emt 0:00:07]} Qd7 {[%emt 0:01:02]} 27. a3 {[%emt 0:00:43]} Qb5 {[%emt 0:00:24]} 28. Qxb5 {[%emt 0:00:42]} axb5 {[%emt 0:00:06]} 29. c6 {[%emt 0:00:27]} bxc6 {[%emt 0:00:27]} 30. Rxc6 {[%emt 0:00:10]} Rxc6 {[%emt 0:02:28]} 31. Rxc6 {[%emt 0:00:01]} Rd8 {[%emt 0:00:18]} 32. Rc2 {[%emt 0:01:21]} Rd3 {[%emt 0:01:24]} 33. Be2 {[%emt 0:00:20]} Rb3 {[%emt 0:00:19]} 34. Rc5 {[%emt 0:00:57]} Bd7 {[%emt 0:00:27]} 35. Rc7 {[%emt 0:00:15]} Bh3 {[%emt 0:00:08]} 36. f3 {[%emt 0:00:26]} Rb2 {[%emt 0:00:51]} 37. Kf2 {[%emt 0:00:13]} Be6 {[%emt 0:00:04]} 38. Ke3 {[%emt 0:00:12]} Rb3+ {[%emt 0:00:17]} 39. Kf2 {[%emt 0:00:05]} Kg7 {[%emt 0:00:33]} 40. Rb7 {[%emt 0:00:59]} Rxa3 {[%emt 0:50:34]} 41. Rxb5 {[%emt 0:50:43]} Ra2 {[%emt 0:00:08]} 42. Rb4 {[%emt 0:00:45]} g5 {[%emt 0:01:30]} 43. Rd4 {[%emt 0:00:49]} Bc8 {[%emt 0:00:00]} 44. Ke3 {[%emt 0:00:00]} h6 {[%emt 0:00:00]} 45. Rd2 {[%emt 0:00:00]} Ra3+ {[%emt 0:00:00]} 46. Rd3 {[%emt 0:00:00]} Ra5 {[%emt 0:00:00]} 47. Rd2 {[%emt 0:00:00]} Ba6 {[%emt 0:00:00]} 48. Bxa6 {[%emt 0:00:00]} Rxa6 {[%emt 0:00:00]} 49. Kf2 {[%emt 0:00:00]} f5 {[%emt 0:00:00]} 50. Kg2 {[%emt 0:00:00]} Ra3 {[%emt 0:00:00]} 51. Rc2 {[%emt 0:00:00]} h5 {[%emt 0:00:00]} 52. Rf2 {[%emt 0:00:00]} Kg6 {[%emt 0:00:00]} 53. f4 {[%emt 0:00:00]} f6 {[%emt 0:00:00]} 54. h4 {[%emt 0:00:00]} Rb3 {[%emt 0:00:00]} 55. fxg5 {[%emt 0:00:00]} fxg5 {[%emt 0:00:00]} 56. hxg5 {[%emt 0:00:00]} Kxg5 {[%emt 0:00:00]} 57. Rf4 {[%emt 0:00:00]} Re3 {[%emt 0:00:00]} 58. Rb4 {[%emt 0:00:00]} Re4 {[%emt 0:00:00]} 59. Rb8 {[%emt 0:00:00]} h4 {[%emt 0:00:00]} 60. Rg8+ {[%emt 0:00:00]} Kf6 {[%emt 0:00:00]} 1/2-1/2

[Event "BL 2017-18"]
[Site "Germany"]
[Date "2018.02.24"]
[Round "9"]
[White "Meyer, Falko"]
[Black "Margolin, Boris"]
[Result "0-1"]
[WhiteElo "2221"]
[BlackElo "2376"]
[Annotator "TA"]
[PlyCount "112"]
[EventDate "2018.05.24"]
[EventType "team-tourn"]
[EventCountry "GER"]
[SourceTitle "playchess.com"]
[Source "ChessBase"]
[SourceQuality "1"]
[WhiteTeam "Norderstedt"]
[BlackTeam "SV Hofheim"]

{[%evp 18,112,-10,-1,0,0,0,-20,-22,-19,0,-4,-22,-27,0,-2,-3,-85,-62,-139,-132,-158,-147,-141,-141,-254,-258,-397,-390,-442,-330,-397,-38,-18,0,-379,-260,-239,-233,-229,-210,-227,-181,-189,-128,-154,-131,-237,-245,-812,-190,-277,-126,-127,-126,-126,-126,-127,0,0,0,0,0,0,0,-211,-180,-176,-176,-233,-231,-543,-502,-491,-491,-570,-570,-550,-554,-1168,-1113,-1075,-1022,-696,-413,-649,-639,-779,-91,-89,0,-766,-758,-5122,-5121,-29991,-29992]} 1. e4 e6 2. d4 d5 3. exd5 exd5 4. Bd3 c5 5. Qe2+ Be7 6. dxc5 Nf6 7. Nf3 O-O 8. O-O Bxc5 9. Nc3 {C01: French: Exchange Variation} (9. Bg5 h6 10. Bh4 g5 11. Bg3 Re8 12. Qd1 Ne4 13. Nc3 Nxc3 14. bxc3 Nc6 15. Re1 Bg4 16. Rxe8+ Qxe8 {½-½ (32) Wang,C (2500)-Ganguly,S (2603) Kolkata 2015}) 9... Re8 10. Qd1 {LiveBook: 3 Games} Be6 $146 ({Predecessor:} 10... h6 11. Bf4 Nc6 12. Re1 Bg4 13. Rxe8+ Qxe8 14. h3 Bh5 15. g4 Nxg4 16. hxg4 Bxg4 {½-½ (60) Loewe,L (2216)-Langheinrich,F (2439) Dresden 2014}) 11. a3 {The position is equal.} a6 12. Bg5 h6 13. Bh4 Nc6 14. Re1 g5 15. Bg3 Bg4 16. Rxe8+ Qxe8 17. Be2 (17. h3 $11 Bh5 18. h4) 17... Rd8 18. b4 (18. Nd2 $15 Bf5 19. Bd3) 18... Bb6 $17 19. b5 Ne4 $1 {[%cal Re4c3]} 20. Na4 axb5 $1 21. Bxb5 (21. Nxb6 $17 {was the only defense.} Nc3 22. Qd3 Nxe2+ 23. Kh1) 21... Ba7 $19 22. Qd3 (22. c3 $142) 22... f5 23. Bc7 Nxf2 24. Qb3 Nd3+ $2 (24... Bxf3 $19 25. Qxf3 Ng4+ 26. Kh1 Qe7) 25. Kh1 $15 Nf2+ $2 {[%mdl 8192]} (25... Rd7 $11 26. Bxd3 Rxc7 27. Qxd5+ Qf7) 26. Kg1 $19 Ne4+ 27. Kh1 Rd7 28. Bb6 {Strongly threatening Bxa7.} Bb8 $1 29. Rd1 Bxf3 30. Qxf3 Qe5 (30... Qg6 $19 31. Qh3 Be5) 31. g3 $17 g4 32. Qe3 (32. Qf1 $17) 32... d4 $1 $19 {[%cal Rd4e3]} 33. Qxh6 $2 (33. Bc4+ Kg7 34. Qg1) 33... Nxg3+ $2 (33... Nf2+ 34. Kg2 Nxd1 35. Bc4+ Rd5 $1 {[%mdl 512]} 36. Bxd5+ Qxd5+ 37. Kg1 Be5) 34. Kg1 {Threatens to win with Bc4+.} Qxb5 (34... Ne2+ $1 $19 35. Kf1 Ng3+ $1 {[%mdl 512]} 36. Kg1 Qxb5 37. Qg6+ Rg7 38. Qe8+ Kh7 39. hxg3 Qe5 40. Qxe5 Nxe5) 35. Qg6+ Rg7 {( -> ...Qe2)} 36. Qe8+ Kh7 37. hxg3 Re7 ({But not} 37... Qxa4 $6 38. Qh5+ Kg8 39. Qe8+ Kh7 40. Qh5+ Kg8 41. Qe8+ Kh7 $11) (37... Qe5 $17 38. Qxe5 Nxe5 39. Bxd4 Nf3+ 40. Kg2 Rc7) 38. Qh5+ $11 Kg7 39. Qg5+ Kf7 {...Qe5 is the strong threat.} 40. Rf1 Re5 $36 {[%mdl 2048] Black is pushing.} 41. Qh5+ $2 {[#]} (41. Nc3 $11 {and White is okay.} dxc3 42. Qh5+ Kg7 43. Qg5+ Kf8 44. Qf6+ Ke8 45. Qg6+ Kf8 46. Qf6+ Kg8 47. Qg6+ Kf8 48. Qf6+) 41... Ke7 $1 $19 42. Qh7+ Kd6 43. Qg6+ (43. Bc5+ $142 Rxc5 44. Nxc5 Qxc5 45. Qxf5 Qxf5 46. Rxf5) 43... Kd7 44. Rd1 $2 (44. Nc5+ Rxc5 45. Bxc5 Qxc5 46. Qxf5+ Qxf5 47. Rxf5) 44... Bd6 45. Qf7+ Re7 46. Qf6 Qxa4 47. Qxf5+ Re6 48. Qxg4 Qxc2 49. Bxd4 Kc7 50. Bf2 Rg6 51. Qh5 (51. Rd2 $142) 51... Ne5 {Hoping for ...Rg5!} 52. Qh7+ Kc6 $2 (52... Nd7 $19 {is more deadly.} 53. Qh5 Bxg3 54. Rxd7+ Kxd7 55. Qh3+ Kc7 56. Bxg3+ Kb6) 53. Qh1+ $17 Kc7 $2 {[%mdl 8192]} (53... Kd7 $17 54. Qxb7+ Ke8 55. Qb5+ Ke7) 54. Qh7+ $19 Nd7 55. Qh5 Bxg3 56. Qa5+ Kc8 {Precision: White = 36%, Black = 53%.} 0-1

[Event "BL 2017-18"]
[Site "Germany"]
[Date "2018.02.24"]
[Round "9"]
[White "Prestel, Oliver"]
[Black "L'Ami, Erwin"]
[Result "0-1"]
[WhiteElo "2152"]
[BlackElo "2625"]
[Annotator "TA"]
[PlyCount "58"]
[EventDate "2018.05.24"]
[EventType "team-tourn"]
[EventCountry "GER"]
[SourceTitle "playchess.com"]
[Source "ChessBase"]
[SourceQuality "1"]
[WhiteTeam "Speyer"]
[BlackTeam "Solingen"]

{[%evp 23,58,-20,-32,-60,26,-122,-18,-14,34,-66,-56,-225,-179,-174,-157,-266,-251,-256,868,-246,-244,-240,-259,-254,-237,-428,-368,-516,-514,-572,-540,-748,-529,-524,-521,-791,-783]} 1. d4 Nf6 2. c4 g6 3. Nc3 Bg7 4. e4 d6 5. Nf3 {[%cal Bg1f3,Bf3d2,Bd2c4][%mdl 32]} O-O 6. Be2 c5 7. d5 Bg4 8. Nd2 Bxe2 9. Qxe2 e6 10. O-O Qe7 11. f4 exd5 12. cxd5 Nbd7 13. Nc4 $146 {A68: Modern Benoni: Four Pawns Attack without 9...Re8} ({Predecessor:} 13. Re1 Ne8 14. Nf3 a6 15. e5 b5 16. Be3 b4 17. Ne4 f5 18. Neg5 Nc7 19. Rad1 Nb6 20. Bxc5 dxc5 {1-0 (31) Cotrina Moscoso,W (2183)-Fernandez,D (2447) Callao 2007}) 13... Rfe8 ({Black should try} 13... b5 $1 $15 14. Nxb5 Qxe4 15. Qxe4 Nxe4) 14. Bd2 (14. e5 $11) 14... b5 (14... Nxe4 $17 {And now ...Bd4+ would win.} 15. Qxe4 Qxe4 16. Nxe4 Rxe4 17. Nxd6 Bd4+ 18. Kh1 Re2) 15. Nxb5 $11 {The position is equal.} Nxe4 16. Rae1 (16. Nc7 $1 $14) 16... Nb6 $1 $15 {[%cal Rb6c4] aiming for ...Nxc4.} 17. Ba5 $2 (17. Bc3 $15) 17... Nxc4 ({Stronger than} 17... Nxd5 18. Qd3 $14) 18. Qxc4 a6 $1 $36 {[%cal Ra6b5][%mdl 2048] Black is in control.} ({Don't do} 18... Bxb2 19. Kh1 $15) 19. Nc7 {[#]} (19. Rxe4 $17 Qxe4 20. Nxd6) 19... Bd4+ $1 $19 20. Kh1 {[#]} Ng3+ $1 {[%mdl 512]} 21. hxg3 Qf8 {[%cal Rf8h6]} 22. Qxd4 (22. Rxe8 $2 {is the wrong capture.} Rxe8 23. Qxd4 cxd4 $19) 22... cxd4 {[%cal Bc5d4,Bd4d3][%mdl 32]} 23. Nxe8 Rxe8 24. Bb6 $2 (24. Rd1) 24... d3 25. Ba5 (25. Rd1 {was worth a try.} Qg7 26. Rd2) 25... Re2 {Black is clearly winning.} 26. Bc3 Qe7 27. Rd1 Qe4 {[%csl Ge2][%cal Re4g2]} 28. Rf3 {[#]} Rxg2 $1 {[%mdl 512]} 29. Rdxd3 (29. Kxg2 Qe2+) 29... Rxg3 {Precision: White = 21%, Black = 59%.} 0-1

[Event "BL 2017-18"]
[Site "Germany"]
[Date "2018.02.25"]
[Round "10"]
[White "Anand, Viswanathan"]
[Black "Rapport, Richard"]
[Result "1/2-1/2"]
[WhiteElo "2779"]
[BlackElo "2703"]
[Annotator "TA"]
[PlyCount "40"]
[EventDate "2018.05.24"]
[EventType "team-tourn"]
[EventCountry "GER"]
[SourceTitle "playchess.com"]
[Source "ChessBase"]
[SourceQuality "1"]
[WhiteTeam "Baden-Baden"]
[BlackTeam "Solingen"]

{[%evp 9,40,30,58,35,64,61,65,46,67,54,73,74,106,110,104,59,58,64,63,28,20,35,37,22,21,0,0,0,0,0,0,0,0]} 1. e4 Nc6 2. d4 d5 3. e5 Bf5 4. c3 e6 5. Nd2 (5. Bd3 Bxd3 6. Qxd3 f6 7. f4 Qd7 8. Nf3 Nh6 9. Be3 Be7 10. Nbd2 Nf5 11. Bf2 h5 12. b4 Nd8 13. a4 {1-0 (36) Anton Guijarro,D (2607)-Moreno Trujillo,A (2522) Madrid 2015}) 5... a6 6. f4 {B00: Queen's Fianchetto Defence, Nimzowitsch Defence} f6 7. Nh3 $146 {[%cal Bg1h3,Bh3f2,Bf2d1,Bd1e3][%mdl 32]} ({Predecessor:} 7. Be2 Nh6 8. Ngf3 fxe5 9. fxe5 Be7 10. Nf1 Nf7 11. Ng3 Bg6 12. O-O O-O 13. Be3 Ng5 14. Nxg5 Rxf1+ 15. Nxf1 Bxg5 {½-½ (52) Bednarski,J (2325)-Wockenfuss,K (2310) Hamburg 1984}) 7... Qd7 8. Nf2 {White is slightly better.} O-O-O 9. Bd3 Nh6 10. O-O Na5 11. Be2 Qc6 12. Qe1 Be7 13. Nd1 Bc2 14. Rf3 fxe5 15. fxe5 Rdf8 16. Ne3 Bg6 {The position is equal.} 17. Qg3 Qb6 18. a3 Nb3 19. Nxb3 Qxb3 20. Bd1 Qb5 {Precision: White = 54%, Black = 67%.} 1/2-1/2

[Event "BL 2017-18"]
[Site "Germany"]
[Date "2018.02.25"]
[Round "10"]
[White "Harikrishna, Pentala"]
[Black "Vachier-Lagrave, Maxime"]
[Result "1/2-1/2"]
[WhiteElo "2745"]
[BlackElo "2793"]
[Annotator "TA"]
[PlyCount "51"]
[EventDate "2018.05.24"]
[EventType "team-tourn"]
[EventCountry "GER"]
[SourceTitle "playchess.com"]
[Source "ChessBase"]
[SourceQuality "1"]
[WhiteTeam "Solingen"]
[BlackTeam "Baden-Baden"]

{[%evp 14,51,0,0,0,0,0,0,0,-13,0,0,0,0,0,0,0,0,0,0,0,0,0,0,0,0,0,-15,0,0,42,41,69,0,0,0,0,0,0,0]} 1. Nf3 c5 2. c4 Nc6 3. d4 cxd4 4. Nxd4 Nf6 5. Nc3 e6 6. g3 Qb6 7. Nf3 {A33: Symmetrical English: 2 Nf3 Nf6 3 d4 cxd4 4 Nxd4 e6 5 Nc3 Nc6} Bc5 8. e3 {LiveBook: 6 Games} Bb4 9. Bd2 O-O (9... d5 10. cxd5 exd5 11. Bg2 O-O 12. O-O Bg4 13. Qb3 Ba5 14. Qxb6 Bxb6 15. Na4 Ne4 16. Rfd1 {½-½ (16) Svidler,P (2765)-Anand,V (2782) Riadh 2017}) 10. a3 $146 ({Predecessor:} 10. Bg2 Qc5 11. b3 d5 12. Na4 Qa5 13. cxd5 Nxd5 14. O-O Rd8 15. Bxb4 Ncxb4 {0-1 (41) Wisniewski,A (2350)-Chrz,P (2141) Frydek Mistek 2003}) 10... Be7 11. b4 d5 12. Rc1 dxc4 13. Bxc4 a6 {[%cal Ba7a6,Ba6a5,Ba5b4][%mdl 32]} 14. e4 Qd8 15. O-O b5 16. Bb3 a5 17. Nxb5 Bb7 18. Bf4 {[#] Nd6 is the strong threat.} axb4 {Strongly threatening ...Qxd1.} 19. Nd6 Bxd6 20. Bxd6 {Black must now prevent e5.} Re8 21. e5 Ne4 (21... bxa3 $5 {[%cal Rf6e4]} 22. Ng5 (22. exf6 Qxf6 23. Bf4 a2 $11) 22... a2 $11) 22. axb4 Qb6 23. Bc5 ({Better is} 23. Bc2 $14 Nxd6 24. exd6) 23... Nxc5 $11 {The position is equal.} 24. bxc5 Qb5 25. Bc4 Qxc5 26. Bxe6 {Precision: White = 84%, Black = 86%.} 1/2-1/2

[Event "BL 2017-18"]
[Site "Germany"]
[Date "2018.02.25"]
[Round "10"]
[White "Navara, David"]
[Black "Bischoff, Klaus"]
[Result "1-0"]
[WhiteElo "2745"]
[BlackElo "2511"]
[Annotator "TA"]
[PlyCount "87"]
[EventDate "2018.05.24"]
[EventType "team-tourn"]
[EventCountry "GER"]
[SourceTitle "playchess.com"]
[Source "ChessBase"]
[SourceQuality "1"]
[WhiteTeam "Muelheim"]
[BlackTeam "Bayern Muenchen"]

{[%evp 16,87,71,73,67,48,70,76,78,71,102,103,97,88,147,145,152,137,143,145,145,121,183,161,152,137,133,141,95,72,53,31,34,21,81,67,82,37,45,39,43,35,40,0,0,2,38,14,94,105,92,95,87,123,256,267,519,496,529,536,502,379,387,445,1151,510,510,524,528,523,522,510,833,695]} 1. e4 c5 2. Nf3 e6 3. d4 cxd4 4. Nxd4 Nc6 5. Nc3 d6 6. Be3 a6 7. Qd2 Bd7 {B54: Sizilianisch (Rauser Anti-Drachen-Variante)} 8. O-O-O Rc8 9. Kb1 {LiveBook: 6 Partien} Nf6 {Weiß steht besser.} 10. f3 b5 (10... h5 11. Nxc6 Bxc6 12. Bf4 d5 13. e5 Nd7 14. Ne2 Bb5 15. Nd4 Bxf1 16. Rhxf1 {½-½ (75) Fressinet,L (2668)-Bacrot,E (2696) Balagna 2017}) 11. g4 h6 12. h4 Ne5 13. a3 g6 14. Rg1 Nc4 (14... Qc7 $142) 15. Bxc4 $1 $16 Rxc4 16. g5 hxg5 17. hxg5 Nh5 $146 18. f4 {[%cal Bf3f4,Bf4f5][%mdl 32]} Qb8 (18... Qc7 $16 19. f5 Qc8) 19. Qd3 Qc8 20. f5 {Schwarz muss nun fxg6 beachten.} Rxc3 21. bxc3 {fxg6 ist eine echte Drohung.} e5 22. fxg6 fxg6 23. Nb3 Be6 24. Bb6 {[%cal Be3b6,Bb6a5,Ba5b4][%mdl 32]} Be7 (24... Nf4 $11 25. Qd2 Qc4) 25. Ba5 Nf4 26. Qd2 Qc6 27. Bb4 {[%cal Rb4d6]} Bxb3 $1 28. cxb3 {[%cal Rb4d6]} Qxe4+ 29. Ka1 Rh3 30. Rge1 Qc6 31. Qc2 a5 (31... Kf7 $11 {bleibt in der Remisbreite.}) 32. Bxa5 Bxg5 33. Rg1 $36 {[%mdl 2048] Weiss hat starke Initiative.} Bf6 34. Bb4 d5 {[#]} (34... Be7 $16) 35. Rxg6 $1 $18 e4 $2 (35... Qe6 {war einen Versuch wert.} 36. Rgg1 e4) 36. Rg8+ Kf7 37. Rf8+ Ke6 38. Kb1 Rf3 39. Qh2 {Droht Dh7 und aus.} Nd3 {[#]} (39... Ng6 $142) 40. Rxd3 $1 {[%mdl 512]} exd3 41. Qh1 Qb6 {[#] beabsichtigt ...Df2.} 42. Qe1+ $1 ({Und nicht} 42. Qxf3 Qg1+ 43. Kb2 Qh2+ 44. Ka1 Qg1+ 45. Kb2 Qh2+ 46. Ka1 Qg1+ 47. Kb2 $11) (42. Re8+ Kd7 $16) 42... Kf5 43. Be7 Kg4 (43... Qe3 $142 44. Rxf6+ Ke5 45. Qxe3+ Rxe3) 44. Qd1 {Precision: Weiß = 72%, Schwarz = 43%.} 1-0

[Event "BL 2017-18"]
[Site "Germany"]
[Date "2018.02.25"]
[Round "10"]
[White "Jakovenko, Dmitry"]
[Black "Almasi, Zoltan"]
[Result "1/2-1/2"]
[WhiteElo "2744"]
[BlackElo "2689"]
[Annotator "TA"]
[PlyCount "43"]
[EventDate "2018.05.24"]
[EventType "team-tourn"]
[EventCountry "GER"]
[SourceTitle "playchess.com"]
[Source "ChessBase"]
[SourceQuality "1"]
[WhiteTeam "Schwaebisch Hall"]
[BlackTeam "Dresden"]

{[%evp 9,43,20,27,13,10,11,25,16,14,14,13,11,16,2,9,0,18,20,18,0,0,0,0,-25,-26,-27,0,-23,-27,-31,-22,-33,-34,-42,-49,-398]} 1. e4 e5 2. Nf3 Nc6 3. Bb5 Nf6 4. d3 Bc5 5. Bxc6 dxc6 6. Nbd2 {[%cal Bb1d2,Bd2f1,Bf1g3][%mdl 32] C65: Ruy Lopez: Berlin Defence (3...Nf6), unusual lines and 4 0-0 Bc5} Bg4 7. h3 Bh5 8. Nf1 {White has an edge.} (8. O-O {is interesting.} Nd7 9. Nc4 Qf6 10. a4 b5 11. Na5) 8... Nd7 9. Ng3 Bxf3 10. Qxf3 g6 11. Be3 Qe7 12. O-O $146 ({Predecessor:} 12. O-O-O O-O-O 13. Ne2 Rhe8 {½-½ (32) Anand,V (2775)-Carlsen,M (2870) Chennai 2013}) 12... Bd6 13. a4 c5 14. c3 O-O-O 15. Rfb1 Kb8 16. a5 a6 17. Nf1 Qe6 18. Qd1 f5 {[%cal Bf7f5,Bf5f4][%mdl 32]} 19. f3 Be7 20. Qa4 f4 21. Bf2 g5 22. Be3 $2 {[%mdl 40960] Precision: White = 35%, Black = 83%. . An unexpected result.} (22. Qc4 $15 Qxc4 23. dxc4) 1/2-1/2